000 00593nam a2200229Ia 4500
003 OSt
005 20221007064206.0
006 a|||||r|||| 00| 0
007 ta
008 221006b |||||||| |||| 00| 0 eng d
024 _a30,140
037 _cTextual
040 _aFLL
_cFLL
_beng
041 _2eng
_aeng
082 _aZ73:4y7, H2
100 _aShulman Harry
245 0 _aLaw of torts
260 _aChicago
_bThe Foundation Press, Inc. Chicago
_c1942
300 _axvii,1093p
_ccm.
942 _hZ73:4y7, H2
_cTEXL
_2CC
999 _c1133226
_d1133226